Accounting and tax aspects of the local currency

Charakteristika a používanie lokálnej meny. Lokálne meny vo svete. Lokálne meny na Slovensku. Podpora lokálnej ekonomiky. Lokálna mena ako cenina. Účtovanie lokálnej meny v jednoduchom a podvojnom účtovníctve.

Guardado en:
Detalles Bibliográficos
Autor principal: Kubaščíková, Zuzana, 1982-
Formato: Capítulo de libro
Lenguaje:eslovaco
Materias:
Etiquetas: Agregar Etiqueta
Sin Etiquetas, Sea el primero en etiquetar este registro!

MARC

LEADER 00000naa$a2200000$$$4500
001 0222942
005 20240502083554.3
041 0 |a slo 
044 |a CZ 
245 1 0 |a Accounting and tax aspects of the local currency  |c Zuzana Kubaščíková 
520 |a Charakteristika a používanie lokálnej meny. Lokálne meny vo svete. Lokálne meny na Slovensku. Podpora lokálnej ekonomiky. Lokálna mena ako cenina. Účtovanie lokálnej meny v jednoduchom a podvojnom účtovníctve. 
610 2 0 |a mena 
610 2 0 |a obchod 
610 2 0 |a ceniny 
610 2 0 |a účtovanie 
610 2 0 |a účtovníctvo jednoduché 
610 2 0 |a účtovníctvo podvojné 
610 2 0 |a dane 
100 1 |a Kubaščíková, Zuzana, 1982-